01311cam a22003015a 45000010009000000050017000090080041000260200018000670400028000850820025001131000027001382450056001652500012002212600067002333000035003005000024003355040041003595050241004006500039006416500033006806500054007136510010007676530036007777000025008139420008008389990017008469520146008631756003220160103142801.0121212s2013 enka frb 001 0 eng d a9780415529396 aDLCbengcDLCdEG-ScBUE04a387.7360688222bHAL1 aHalpern, Nigel.93896610aAirport marketing /cNigel Halpern and Anne Graham. a1st ed. aOxon ;aNew York :bRoutledge / Taylor & Francis Group,c2013. axvii, 225 p. :bill. ;c25 cm. aIndex : p. 219-225. aIncludes bibliographical references.0 aIntroduction -- The airport marketing environment -- The market for airport services -- Airport marketing research -- Airport marketing planning -- The airport product -- Airport pricing -- Promotion of airports -- Airport distribution. 0aAirportsxEconomic aspects.2BUEsh 0aAirportsxManagement.2BUEsh 0aAeronautics, CommercialxEconomic aspects.2BUEsh 2BUEsh bBUSADMcAugust2015cJanuary20161 aGraham, Anne,d1958- 2ddc c20442d20414 00102ddc40708BaccahaMAINbMAINc1STd2015-08-03ePurchaseg420.00h21758l0o387.7360688 HALp000039014r2025-07-15 00:00:00v525.00yBB